| 000 | 01199nam a22003737a 4500 | ||
|---|---|---|---|
| 001 | 0065791 | ||
| 003 | KOHA_MİRAKIL | ||
| 005 | 20260207004613.0 | ||
| 007 | ta | ||
| 008 | 200820b2020 tu |||gr||||#0|||0|tur | | ||
| 020 | _a9786057822352 | ||
| 040 |
_aTR-BiSEU _btur _cTR-BiSEU _erda |
||
| 041 | 0 | _atur | |
| 044 | _ctu | ||
| 050 |
_aHM263 _b.K68 2020 |
||
| 245 | 0 |
_aKovid-19 salgın ve sonrası psikolojik ve sosyolojik değerlendirmeler/ _chazırlayan Coşkun Taştan. |
|
| 264 | 1 |
_aAnkara : _bPolis Akademisi _c2020 |
|
| 300 |
_a45 sayfa ; _c24 cm. |
||
| 336 |
_ametin _btxt _2rdacontent |
||
| 337 |
_aaracısız _bn _2rdamedia |
||
| 338 |
_acilt _bnc _2rdacarrier |
||
| 490 | 1 |
_aPolis Akademisi Yayınları ; _v90. |
|
| 490 | 1 | _a Rapor No. | |
| 490 | 1 |
_a ; _v35 |
|
| 500 | _aKaynakça var. | ||
| 650 | 0 |
_aCOVID-19 (Salgın hastalık), Psikolojik yönler. _9123468 |
|
| 650 | 0 |
_aCOVID-19 (Salgın hastalık), Sosyolojik yönleri. _9123469 |
|
| 650 | 0 |
_aCovid-19--Psychological and Sociological Aspects. _9123470 |
|
| 830 | 1 |
_aPolis Akademisi Yayınları ; _v90. _955619 |
|
| 830 | 1 |
_a Rapor No. _9123415 |
|
| 830 | 1 |
_a ; _v35 _91620 |
|
| 907 | _aSosyal Bilimler | ||
| 942 |
_2lcc _cBK |
||
| 999 |
_c66126 _d66126 |
||